Fuente ovejuna. Comedia en tres actos

Bibliographic Details
Main Author: Vega, Lope de. 1562-1635
Format: Book
Language:Spanish
Subjects:

MARC

LEADER 00000cam a2200000 a 4500
001 107421
005 20231201062626.0
008 009101| ||||||||r|||||||||||spa||
040 |b spa 
041 1 |a spa 
082 0 |a 862.3 
100 1 |a Vega, Lope de.  |d 1562-1635  |9 195735 
245 |a Fuente ovejuna. Comedia en tres actos  |c Lope de Vega  |h imp 
264 |a Buenos Aires  |b Tor  |c s.f. 
300 |a 172 páginas:  |c 18 cm 
504 |a incl. ref. 
650 |a Literatura española  |9 218293 
650 7 |a Teatro español.  |9 5687 
852 |a UC-CDJBV  |c ESTANTERIA CERRADA  |f Compra  |k margarita.gutierrez  |l 1  |m General  |p 20091019  |q 20,00  |r 2  |t 107421  |y 85923  |b 0  |d CDRC  |e CDRC  |g 862.3 ESTANTERIA CERRADA  |z 2009-91-01 
942 |c BK 
999 |c 56139  |d 56139